| 000 | 00443nam a2200181Ia 4500 | ||
|---|---|---|---|
| 008 | 230524s9999 xx 000 0 und d | ||
| 020 | _a0074636855 | ||
| 082 |
_a620.41 _bKLE |
||
| 100 |
_aDaniel Kleppner _92150 |
||
| 245 | 3 | _aAn Introduction to Mechanics | |
| 250 | _a3RD | ||
| 260 |
_aNEW DELHI _bTMH _c2001 |
||
| 300 | _a546 | ||
| 500 | _aQuantity Number: 1 | ||
| 650 | _aMechanics | ||
| 700 |
_a Robert J.Kolenkow _92151 |
||
| 942 | _cBK | ||
| 999 |
_c4094 _d4094 |
||